Renewable energy resources

Gorde:
Xehetasun bibliografikoak
Egile nagusia:  Twidell, John
Formatua: Sách
Hizkuntza:Undetermined
Argitaratua:  Routledge, Taylor & Francis Group  2015
Gaiak:
Etiketak: Etiketa erantsi
Etiketarik gabe, Izan zaitez lehena erregistro honi etiketa jartzen!
Thư viện lưu trữ: Trung tâm Thư viện - Trường Đại học Công nghiệp TP. Hồ Chí Minh
LEADER 00497nam a2200157Ia 4500
001 UIH_06354
008 231011s9999 xx 000 0 und d
082 |a  621.042 
100 |a  Twidell, John 
245 0 |a  Renewable energy resources 
245 0 |c  Twidell, John 
260 |b  Routledge, Taylor & Francis Group 
260 |c  2015 
650 |a  Năng lượng tái tạo;  
927 |a Sách 
980 |a Trung tâm Thư viện - Trường Đại học Công nghiệp TP. Hồ Chí Minh